MARC details
| 000 -CABECERA |
| campo de control de longitud fija |
01240nam a2200265 a 4500 |
| 001 - NÚMERO DE CONTROL |
| campo de control |
000044642 |
| 005 - FECHA Y HORA DE LA ÚLTIMA TRANSACCIÓN |
| campo de control |
20250207101102.0 |
| 008 - DATOS DE LONGITUD FIJA--INFORMACIÓN GENERAL |
| campo de control de longitud fija |
141210s2014 dr ac 000 0 spa d |
| 020 ## - NÚMERO INTERNACIONAL ESTÁNDAR DEL LIBRO |
| Número Internacional Estándar del Libro |
9789945166316 |
| 040 ## - FUENTE DE LA CATALOGACIÓN |
| Centro catalogador/agencia de origen |
DO-SdBNP |
| Lengua de catalogación |
spa |
| Centro/agencia transcriptor |
BNPHU |
| 082 ## - NÚMERO DE LA CLASIFICACIÓN DECIMAL DEWEY |
| Número de clasificación |
972.93052 |
| Número de documento/Ítem |
T266g |
| 100 1# - ENTRADA PRINCIPAL--NOMBRE DE PERSONA |
| Nombre de persona |
Tejera, Eduardo J |
| Numeración |
1947- |
| 9 (RLIN) |
10749 |
| 245 10 - MENCIÓN DE TÍTULO |
| Título |
Gobierno de Horacio Vásquez 1924-1930 : |
| Resto del título |
democracia y desarrollo / |
| Mención de responsabilidad, etc. |
Eduardo J. Tejera ; edición Luis Cunillera. |
| 260 ## - PUBLICACIÓN, DISTRIBUCIÓN, ETC. |
| Lugar de publicación, distribución, etc. |
Santo Domingo : |
| Nombre del editor, distribuidor, etc. |
Búho, |
| Fecha de publicación, distribución, etc. |
2014. |
| 300 ## - DESCRIPCIÓN FÍSICA |
| Extensión |
298 p. : |
| Otras características físicas |
il., retrs. ; |
| Dimensiones |
23 cm. |
| 500 ## - NOTA GENERAL |
| Nota general |
Incluye referencias bibliográficas y notas al pie de las páginas |
| 500 ## - NOTA GENERAL |
| Nota general |
Incluye datos biográficos del autor en las solapas |
| 500 ## - NOTA GENERAL |
| Nota general |
Incluye índice onomástico |
| 504 ## - NOTA DE BIBLIOGRAFÍA, ETC. |
| Nota de bibliografía, etc. |
Bibliografía : p. 277-288 |
| 505 0# - NOTA DE CONTENIDO CON FORMATO |
| Nota de contenido con formato |
Síntesis histórica -- |
| Título |
Gobierno de Horacio Vásquez -- |
| -- |
Política económica y de desarollo -- |
| -- |
Reforma constitucional y reelección: hacia el desastre -- |
| -- |
Elecciones, traiciones y golpe de estado -- |
| -- |
Vásquez; legado y balance de una vida. |
| 600 14 - PUNTO DE ACCESO ADICIONAL DE MATERIA--NOMBRE DE PERSONA |
| Nombre de persona |
VÁSQUEZ, HORACIO |
| Fechas asociadas al nombre |
1860-1936 |
| 9 (RLIN) |
40202 |
| 651 #4 - PUNTO DE ACCESO ADICIONAL DE MATERIA--NOMBRE GEOGRÁFICO |
| Nombre geográfico |
República Dominicana |
| Subdivisión general |
Historia |
| Subdivisión cronológica |
1924-1930 |
| 9 (RLIN) |
52895 |
| 700 12 - PUNTO DE ACCESO ADICIONAL--NOMBRE DE PERSONA |
| Nombre de persona |
Cunillera, Luis |
| Término indicativo de función/relación |
ed. |
| 9 (RLIN) |
72660 |
| 910 ## - DATOS DE OPCIÓN DEL USUARIO (OCLC) |
| Datos de opción del usuario |
Validado. Control de calidad MFF |